000 00456nam a2200157Ia 4500
999 _c11908
_d11908
003 OSt
005 20210206133614.0
008 190216s9999||||xx |||||||||||||| ||und||
040 _coclc
082 _a920
_bKUM/G
100 _aKumarappa, Bharatham
_93323
245 0 _aGandhiji`s Autobiography /
_cBharatham Kumarappa
260 _bNavajivan Publishing House,
_c1974.
300 _a296p
942 _cBK
_2ddc
_h920
_iKUM/G
_k920
_mKUM/G